| 000 -LEADER |
| fixed length control field |
02863cam a2200241 a 4500 |
| 003 - CONTROL NUMBER IDENTIFIER |
| control field |
OSt |
| 005 - DATE AND TIME OF LATEST TRANSACTION |
| control field |
20200520140030.0 |
| 008 - FIXED-LENGTH DATA ELEMENTS--GENERAL INFORMATION |
| fixed length control field |
090320s2009 nyua b 000 0 eng |
| 020 ## - INTERNATIONAL STANDARD BOOK NUMBER |
| International Standard Book Number |
9781568987798 (pbk. : alk. paper) |
| 082 00 - DEWEY DECIMAL CLASSIFICATION NUMBER |
| Classification number |
720.92BOG |
| Edition number |
22 |
| 100 1# - MAIN ENTRY--PERSONAL NAME |
| Personal name |
Bognár, Botond, |
| Dates associated with a name |
1944- |
| 245 10 - TITLE STATEMENT |
| Title |
Material immaterial : |
| Remainder of title |
the new work of Kengo Kuma / |
| Statement of responsibility, etc |
Botond Bognar ; project descriptions by Balázs Bognár. |
| 250 ## - EDITION STATEMENT |
| Edition statement |
1st ed. |
| 260 ## - PUBLICATION, DISTRIBUTION, ETC. (IMPRINT) |
| Place of publication, distribution, etc |
New York : |
| Name of publisher, distributor, etc |
Princeton Architectural Press, |
| Date of publication, distribution, etc |
c2009. |
| 300 ## - PHYSICAL DESCRIPTION |
| Extent |
255 p. : |
| Other physical details |
ill. (some col.) ; |
| Dimensions |
29 cm. |
| 504 ## - BIBLIOGRAPHY, ETC. NOTE |
| Bibliography, etc |
Includes bibliographical references. |
| 505 0# - FORMATTED CONTENTS NOTE |
| Formatted contents note |
Introduction / Kengo Kuma -- Materiality and immateriality in the architecture of Kengo Kuma / Botond Bognar : Architecture in the post-bubble era ; The early stages of Kuma's architecture ; "Particlization" and the blurring of architecture ; Minimalism and materiality ; Sensory design and Japanese traditions ; Urban-scale projects and public space ; In lieu of a conclusion -- Buildings and projects / Balázs Bognár : Old and new: redefining traditions : Waketokuyama, Minato-ku, Tokyo ; Cocon Karasuma, Shimogyo-ku, Kyoto ; Ginzen Onsen Fujiya, Obanazawa, Yamagata Prefecture ; Sake No Hana, London ; Yien East/Archipelago, West Japan ; Cha Cha Moon, London -- Elements of organic architecture: building in wood : Yusuhara Town Hall, Yusuhara, Kochi Prefecture ; Y-Hutte, Karuizawa, Nagano Prefecture ; Hoshinosato Annex, Kudamatsu, Yamaguchi Prefecture ; Ondo-cho CIvic Center, Kure, Hiroshima Prefecture ; JR Hoshakuji Station, Takanezawa, Tochigi Prefecture -- |
| 505 0# - FORMATTED CONTENTS NOTE |
| Formatted contents note |
Challenging material: spatial filters in stone : Food and Agriculture Museum, Setagaya-ku Tokyo ; Lotus House, East Japan ; Chokkura Plaza and Shelter, Takanezawa, Tochigi Prefecture ; Suntory Museum, Minato-ku, Tokyo ; Shiseikan, Kyoto University of Art and Design, Sakyo-ku, Kyoto -- New materials: innovative building envelopes : LVMH, Chuo-ku, Osaka ; Fukuzaki Hanging Gardens, Minato-ku, Osaka ; Z58 Zhongtai Box, Shanghai, China ; Tiffany Ginza, Chou-ku, Tokyo ; Opposite House Hotel, Beijing, China -- Small spaces: unique structures : Paper Snake, Anyang, South Korea ; Oribe Teahouse, Tajimi, Gifu Prefecture ; KxK Pavilion, Hara Museum, Shinagawa-ku, Tokyo ; Modern Teehaus, Frankfurt, Germany ; Fuan Teahouse, Shizuoka, Shizuoka Prefecture ; Casa Umbrella, Milan, Italy ; Cidori, Milan, Italy -- Urban-scale projects: shaping public places : Nagasaki Prefectural Art Museum, Nagasaki, Nagasaki Prefecture ; Tobata C Block, Kitakyushu, Fukuoka Prefecture ; Asahi Broadcasting Corporation Headquarters, Fukushima-ku, Osaka ; Sanlitun Village South, Beijing, China ; Sanlitun SOHO, China. |
| 600 10 - SUBJECT ADDED ENTRY--PERSONAL NAME |
| Personal name |
Kuma, Kengo, |
| Dates associated with a name |
1954- |
| General subdivision |
Themes, motives. |
| 650 #0 - SUBJECT ADDED ENTRY--TOPICAL TERM |
| Topical term or geographic name as entry element |
Architecture |
| Geographic subdivision |
Japan |
| General subdivision |
History |
| Chronological subdivision |
21st century. |
| 700 1# - ADDED ENTRY--PERSONAL NAME |
| Personal name |
Kuma, Kengo, |
| Dates associated with a name |
1954- |
| 942 ## - ADDED ENTRY ELEMENTS (KOHA) |
| Source of classification or shelving scheme |
|